| 000 | 01148cam a22003738a 4500 | ||
|---|---|---|---|
| 001 | 81871 | ||
| 005 | 20230411085946.0 | ||
| 008 | 080723s2008 njua 000 0 eng | ||
| 035 | _a(OCoLC)ocn226356058 | ||
| 040 |
_aUKM _cUKM _dBTCTA _dBAKER _dYDXCP _dORX |
||
| 015 |
_aGBA893555 _2bnb |
||
| 016 | 7 |
_a014680038 _2Uk |
|
| 020 | _a9780470401163 (pbk.) | ||
| 020 | _a0470401168 (pbk.) | ||
| 029 | 1 |
_aAU@ _b000043606915 |
|
| 029 | 1 |
_aNZ1 _b12821557 |
|
| 035 | _a(OCoLC)226356058 | ||
| 082 | 0 | 4 |
_a332.6 _222 |
| 049 | _aGRAL | ||
| 050 | 1 | 4 | _aprocesoAPTIN62 |
| 100 | 1 | _aGarrett, Sheryl. | |
| 245 | 1 | 0 |
_aInvesting in an uncertain economy for dummies / _cby Sheryl Garrett. |
| 260 |
_aHoboken, N.J. : _bWiley ; _aChichester : _bJohn Wiley [distributor], _c2008. |
||
| 263 | _a200810 | ||
| 300 |
_a370 p. : _bill. ; _c24 cm. |
||
| 650 | 0 | _aInvestments. | |
| 650 | 0 | _aInvestment analysis. | |
| 938 |
_aBaker & Taylor _bBKTY _c21.99 _d16.49 _i0470401168 _n0007767861 _sactive |
||
| 938 |
_aYBP Library Services _bYANK _n2828135 |
||
| 938 |
_aBaker and Taylor _bBTCP _nBK0008120854 |
||
| 942 |
_2lcc _cbk |
||
| 946 | _arpeƱa | ||
| 994 |
_aC0 _bDRFGD |
||
| 999 |
_c109995 _d109995 |
||